000 01480nam0a2200385 4500
001 RU\NLR\bibl\267229
005 20260407045326.0
010 _a5-7886-0008-1
_91000
021 _aRU
_b2001-63668
_93100
035 _a(NLR Aleph) 000262795
090 _a1535365
_c1535365
100 _a20020517d2001 |||y0rusy50 ca
101 0 _arus
102 _aRU
105 _ay |||||||||
200 1 _aОсновные положения социальной программы российских мусульман
_fСовет муфтиев России
210 _aМ.
_cДухов. упр. мусульман Европ. части России
_d2001
215 _a43 с.
_d21
320 _aБиблиогр. в подстроч. примеч.
606 0 _aИслам
_yРоссийская Федерация
_92119760
_3RU\NLR\auth\661280162
610 0 _aИслам - Социальная доктрина
610 0 _aИслам в Российской Федерации
610 0 _aРоссийская Федерация, социология
675 _a316.347:297
_v3
_zrus
686 _a04
_2rugasnti
686 _a60.54
_2rubbk
686 _aЭ38-39(2)74-021
711 0 2 _aСовет муфтиев России
_9534209
_3RU\NLR\AUTH\8810018189
801 0 _aRU
_bRKP
_c20020517
_gPSBO
801 1 _aRU
_bRKP
_c20020517
801 2 _aRU
_bNLR
_c20020701
_grcr
942 _cBOOK
980 _aNB